Bell'Italia Pompei (Record no. 85847)
[ view plain ]
| 000 -LEADER | |
|---|---|
| campo de control de longitud fija | 00628nam a22001817a 4500 |
| 001 - NÚMERO DE CONTROL | |
| campo de control | 85847 |
| 005 - FECHA Y HORA DE LA ÚLTIMA TRANSACCIÓN | |
| campo de control | 20260429142403.0 |
| 008 - DATOS DE LONGITUD FIJA--INFORMACIÓN GENERAL | |
| campo de control de longitud fija | 260429s1999 it ||||| |||| 00| 0 ita d |
| 040 ## - FUENTE DE CATALOGACIÓN | |
| Centro catalogador/agencia de origen | M-RABA |
| Lengua de catalogación | spa |
| Centro/agencia transcriptor | M-RABA |
| 245 00 - MENCIÓN DEL TÍTULO | |
| Título | Bell'Italia Pompei |
| Resto del título | Numero 26 Aprile 1999 |
| 260 ## - PUBLICACIÓN, DISTRIBUCIÓN, ETC. | |
| Lugar de publicación, distribución, etc. | Milán |
| Nombre del editor, distribuidor, etc. | : Editoriale Giorgio Mondadori |
| Fecha de publicación, distribución, etc. | , 1999 |
| 300 ## - DESCRIPCIÓN FÍSICA | |
| Extensión | 144 p. |
| Otras características físicas | : il. col. |
| Dimensiones | ; 28 cm |
| 500 00 - NOTA GENERAL | |
| Nota general | En cub.: Una mostra unica: Homo faber. È come entrare nelle case, tra quella gente e quelle cose sepolte dal Vesuvio. |
| 546 ## - NOTA DE IDIOMA | |
| Nota de lengua/lenguaje | Texto en italiano. |
| 650 #0 - PUNTO DE ACCESO ADICIONAL DE MATERIA--TÉRMINO DE MATERIA | |
| Término de materia o nombre geográfico como elemento de entrada | Arte- |
| Subdivisión geográfica | Italia- |
| -- | Pompeya |
| 9 (RLIN) | 84902 |
| 852 ## - LOCALIZACIÓN | |
| Número de control de estantería | F-16116 |
| 942 ## - ELEMENTOS DE ENTRADA SECUNDARIOS (KOHA) | |
| Tipo de ítem Koha | Fondo moderno |
| Suprimir en OPAC | No |
| Estatus retirado | Estado de pérdida | Fuente de la clasificación o esquema de estantería | Estado de daño | No para préstamo | Biblioteca de origen | Biblioteca actual | Ubicación en estantería | Fecha de adquisición | Fuente de adquisición | Total de préstamos | Signatura topográfica completa | Código de barras | Visto por última vez | Precio de reemplazo | Tipo de ítem Koha | Nota pública |
|---|---|---|---|---|---|---|---|---|---|---|---|---|---|---|---|---|
| Clasificación Decimal Dewey | Real Academia de la Bellas Artes de San Fernando | Real Academia de la Bellas Artes de San Fernando | Depósito 2 | 29/04/2026 | D | F-16116 | 1097145 | 29/04/2026 | 29/04/2026 | Fondo moderno | Donación de Vincenzo Giuseppe Sabini |